000 00851nam a2200313Ia 4500
003 OSt
005 20221006144314.0
006 a|||||r|||| 00| 0
007 ta
008 221006b |||||||| |||| 00| 0 san d
020 _c
_5.00
024 _a11,387
037 _cTextual
040 _aEASL
_cEASL
_bsan
041 _2san
_asan
082 _aU8.41.N3, J0
100 _aFARQUHARSON Ronald
_9651522
245 0 _aConfessions of a China hand
260 _aLondon
_bHodder and Stoughton
_c1950
300 _a224p.
_ccm.
490 _v CEL
650 _a CEL
650 _a China - MAi Yeo Fa tze
_9651523
650 _a China - MAnchuriana
_9651524
650 _a China - Tally Ho
_9651525
650 _aChina - Herro Hao
_9651526
942 _hU8.41.N3, J0
_cTEXL
_2CC
999 _c1079473
_d1079473